| 000 | 00634nam a2200241Ia 4500 | ||
|---|---|---|---|
| 003 | OSt | ||
| 005 | 20221005092643.0 | ||
| 006 | a|||||r|||| 00| 0 | ||
| 007 | ta | ||
| 008 | 221004b |||||||| |||| 00| 0 eng d | ||
| 024 | _a103799 | ||
| 037 | _cTextual | ||
| 040 |
_aCRL _cCRL _beng |
||
| 041 |
_2eng _aeng |
||
| 082 | _aN91v3:K1, F8;K2 | ||
| 100 | _aHotson Leslie | ||
| 245 | 0 | _aCommonwealth and restoration stage | |
| 260 |
_aNew York _bRussell & Russell . Inc U.S.A _c1962 |
||
| 300 |
_a424p. _ccm. |
||
| 650 | _aARTS | ||
| 942 |
_hN91v3:K1, F8;K2 _cTEXL _2cc |
||
| 999 |
_c999152 _d999152 |
||